Hrvatska - 20. stoljeće - Statistics

General Stats
  • This quiz has been taken 17 times
  • The average score is 67 of 100
Answer Stats
Hint Answer % Correct
1999 Umire prvi predsjednik suverene Hrvatske. Franjo Tuđman
100%
1960 U kućnom pritvoru u Krašiću umire zagrebački nadbiskup Alojzije Stepinac
92%
1991 Hrvatski redarstvenici napadnuti zasjedom u ovom mjestu blizu Vukovara Borovo Selo
92%
1972 Tito ugostio kraljicu Elizabetu II u njenom prvom posjetu socijalističkoj zemlji ikad. Koja 2 hrvatska grada je posjetila osim Zagreba? (navedite 1) Đakovo ꟾ Dubrovnik
92%
1992 Hrvatska igra finale na OI u košarci protiv Dream Teama. Tko je dao najviše poena? Dražen Petrović
92%
1949 Otvoren zatvorski logor na istoimenom otoku Goli Otok
92%
1913 U Lukovdolu u Gorskom Kotaru rođen autor poeme Jama Ivan Goran Kovačić
92%
1994 Ovaj papa proslavio misu na zagrebačkom hipodromu Ivan Pavao II
92%
1961 Naš (a malo i njihov) pisac iz Travnika nagrađen Nobelovom nagradom Ivo Andrić
92%
1940 Naš slavni kemičar u Zagrebu održao svoje Nobelovo predavanje pod naslovom Od dalmatinskog buhača do seksualnih hormona Lavoslav Ružička
92%
1997 Teroristički napad se događa u ovom gradu, glavnom gradu Hrvata u BiH Mostar
92%
1964 17 ljudi izgubilo živote kada se ova rijeka izlila iz korita i preplavila grad koji leži na njoj Sava
92%
1959 Zlata Bartl osmišlja svoj najpoznatiji proizvod radeći u Podravci Vegeta
92%
1931 Mato Lovrak napisao ovu knjigu o Ljubanu, Dragi, Peru i ostalim učenicima koji vlakom idu na izlet u grad Vlak u snijegu
92%
1943 U Otočcu i na Plitvičkim jezerima prvi put zasjeda najviše političko tijelo Federalne Države Hrvatske ZAVNOH
92%
1933 Veliki požar zahvatio katedralu u ovom hrvatskom gradu Đakovo
85%
1902 Rođen jedan od najpoznatijih hrvatskih pjesnika, autor Balade iz predgrađa i Voćke poslije kiše Dobriša Cesarić
85%
1918 Odmah poslije 1. svjetskog rata, Hrvatska ulazi u ovu državnu zajednicu. Država SHS
85%
1904 Braća Radić osnivaju ovu političku stranku HPSS
85%
1928 Puniša Račić izvodi atentat na Stjepana Radića i još 4 hrvatska zastupnika. Navedite bar jednog Ivan Pernar ꟾ Đuro Basariček ꟾ Ivan Granđa ꟾ Pavle Radić
85%
1903 Mađarski političar koji napokon prestaje biti hrvatski ban Khuen Hedervary
85%
1934 Osnovana Podravka u ovom gradu gdje joj je sjedište i dan danas Koprivnica
85%
1993 Ovom operacijom oslobođeno 92km² teritorija Maslenica (Gusar)
85%
1979 Split je domaćin ovog sportskog natjecanja Mediteranske igre
85%
1900 Nikola Tesla počinje živjeti u hotelu Waldorf Astoria u ovom gradu New York
85%
1975 Osnovano Sveučilište J.J Strossmayera u ovom hrvatskom gradu Osijek
85%
1956 Potpisana Brijunska deklaracija gdje Tito, Nehru i Naser uspostavljaju temelje ove međunarodne organizacije Pokret nesvrstanih
85%
1989 Zadarska rock grupa Riva odnosi pobjedu na Eurosongu sa pjesmom: Rock Me Baby
85%
1906 Ovaj izumitelj patentira mehaničku olovku Slavoljub Penkala
85%
1954 Zona B ulazi u sastav Jugoslavije. Ona se nalazila južno od ovog talijanskog grada Trst
85%
1987 Održana Univerzijada u Zagrebu. Koju životinju pamtimo kao maskotu? Vjeverica Zagi
85%
1978 Jurica Pađen napušta bend iz 2 pitanja niže i osniva novi Aerodrom
77%
1945 Grad u Austriji kod kojeg se poražene pristaše Sila Osovine u Hrvatskoj i Sloveniji predaju Saveznicima Bleiburg
77%
1910 U promet kreću tramvaji u ovom hrvatskom gradu Dubrovnik
77%
1923 Zabranjen hrvatski jezik u javnoj uporabi u ovoj regiji, koja tad nije bila dio Hrvatske Istra
77%
1935 Podignuti spomenici i održane svečanosti za stoljetnicu teksta najbitnije pjesme svakom Hrvatu Lijepa naša
77%
1982 Dinamo osvaja 4. i posljednji naslov prvaka Jugoslavije, prevođenim ovim legendarnim trenerom Miroslav 'Ćiro' Blažević
77%
1968 Otvorena trgovina ovog lanca na Kvaternikovom trgu u Zagrebu Nama
77%
1998 Hrvatska osvaja broncu na nogometnom SP pobjedivši ovu državu u utakmici za trećeplasiranog Nizozemska
77%
1930 Hrvatski nogometaši bojkotiraju ovo natjecanje na kojem Jugoslavija dolazi do 4. mjesta Nogometno SP u Urugvaju
77%
1985 U Splitu osnovan rock bend, nazvan po hrvatskom nazivu filma Alien (1979) Osmi putnik
77%
1905 Slikar koji je ove godine naslikao Dolazak Hrvata na more, jedno od njegovih najpoznatijih djela Oton Iveković
77%
1932 Objavljeno ovo Krležino djelo o povratku muškarca u svoj rodni Kaptol nakon 23 godine izbivanja Povratak Filipa Latinovicza
77%
1955 Prvi put održan poznati filmski festival u ovom hrvatskom gradu, pod nazivom Festival jugoslavenskog filma Pula
77%
1936 Započinje građanski rat u ovoj državi, gdje se mnogi Hrvati bore kao strani dobrovoljci Španjolska
77%
1988 Pliva na europsko tržište pušta ovaj čudesni antibiotik (azitromicin) Sumamed
77%
1926 Ovaj pisac u Beogradu objavljuje zbirku pjesama Kolajna Tin Ujević
77%
1990 Kapetan Dinama koji je udario policajca usred velikih izgreda na utakmici protiv Crvene Zvezde na Maksimiru Zvonimir Boban
77%
1995 Operacijom Oluja oslobođeno većina okupiranog teritorija RH, počela na ovaj datum 4. kolovoza
69%
1901 Franjo Budicki prvi dovodi ovaj izum u Zagreb. Jedan od ranih pionira u disciplini koja se bavi tim izumom je bio i Vjekoslav Heinzel, koji će 1920. postati gradonačelnik Automobil
69%
1939 Sporazum Cvetković - Maček dovodi do uspostave ove upravne jedinice Banovina Hrvatska
69%
1957 Izvršen atentat na Antu Pavelića u ovom gradu, umire od posljedica ranjavanja tek 2 godine kasnije Buenos Aires
69%
1980 Prljavo kazalište pjeva pjesmu koja će 35 godina kasnije služiti kao uvodna špica za istoimenu seriju Crno-bijeli svijet
69%
1944 Počinje s radom izbjeglički kamp u Egiptu u kojeg je prebjegao velik broj stanovništva iz Dalmacije El Shatt
69%
1941 Da ste slušali radio 10.4, čuli bi ovu osobu da proglašava nastanak zloglasne NDH Eugen Dido Kvaternik
69%
1925 Otac hrvatskog sporta objavljuje knjigu Igre za društva i škola, u kojoj se prvi put predstavlja odbojka u Hrvatskoj Franjo Bučar
69%
1970 S emitiranjem počinje Naše malo misto, temeljeno na scenariju ovog pisca i novinara Miljenko Smoje
69%
1947 Najpoznatiji žitelj Vela Luke na Korčuli rođen je ove godine u Splitu Oliver Dragojević
69%
1911 Najpoznatiji dalmatinski nogometni klub je osnovan u pivnici u ovom gradu Prag
69%
1916 Izdana zbirka I.B. Mažuranić od osam pripovijetki, neke od kojih su Regoč, Kako je Potjeh tražio istinu te Šuma Striborova Priče iz davnine
69%
1924 Potpisani ugovori u ovom gradu prema kojima Slobodna Rijeka pripada Italiji Rim
69%
1984 Hajduk na Poljudu svladava ovaj engleski klub 2:1 u polufinalu kupa UEFA. Hint: Pivac zaklan na poluvremenu! Tottenham
69%
1917 Pjesnik koji sa nepunih 19 godina pokreće vlastiti književni časopis 'Vijavica' Antun Branko Šimić
62%
1981 Inex Adria let 1308 okončao živote 180 ljudi, kada se avion zabio u brdo na ovom mediteranskom otoku Korzika
62%
1966 Započinje nogometna sezona u kojoj Dinamo dolazi do jedine kontinentalne titule nekog hrvatskog kluba, izborene u ovom natjecanju Kup velesajamskih gradova
62%
1986 Na dijamantnoj ploči Put putujem, ova grupa pjeva o dva zrna grožđa Magazin
62%
1950 Ovaj grad prvi put mijenja ime u Kardeljevo Ploče
62%
1920 Postignut ovaj granični sporazum između Kraljevine SHS i Italije Rapalski ugovor
62%
1969 Političarka i centralna figura hrvatskog proljeća postaje sekretarka hrvatskog ogranka Saveza komunista Savka Dabčević Kučar
62%
1929 Kralj Aleksandar preuzima apsolutnu vlast u Kraljevini Jugoslaviji, ovim poretkom koji se naziva po datumu kad je donesen Šestosiječanjska diktatura
62%
1983 Kontroverznom odlukom saveza oduzet naslov prvaka ovom košarkaškom klubu Šibenka
62%
1921 Izglasan ovaj kontroverzni ustav - hint: 28. lipanj kod pravoslavaca Vidovdanski
62%
1908 Ovaj pisac objavljuje književno djelo Veli Jože, inspirirano istarskim folklorom i narodnim pričama, gdje je isti boravio dio svog života Vladimir Nazor
62%
1965 Ovaj košarkaški klub osvaja prvi od šest naslova prvaka Jugoslavije Zadar
62%
1919 Ovaj talijanski pjesnik okupira Rijeku Gabriele d'Anunzio
54%
1907 Iako je djelo objavljeno puno kasnije, ovih godina mladi pisac iz Sušaka piše svoj magnum opus, roman Isušena kaljuža Janko Polić Kamov
54%
1973 Ovaj košarkaš postaje prvi Hrvat izabran na NBA Draftu, no odlučio je vratiti se kući i nikad nije zaigrao za Lakerse Krešo Ćosić
54%
1967 U ovoj instituciji sastavljena Deklaracija o nazivu i položaju hrvatskog jezika Matica hrvatska
54%
1977 Na letu od Zagreba do Beograda zabilježen najpoznatiji slučaj zapažanja ove pojave na našim prostorima. Hint: Pjesma, Miach, Hiljson Mandela NLO
54%
1976 Zagrebačka rock skupina izdaje svoj prvi album. Zove se "Dođite na show!" Parni Valjak
54%
1971 Dado Topić osniva ovaj bend u Zagrebu Time
54%
1942 Zapovjednik zločinačke Crne legije ubijen od strane lokalnih seljaka kada se njegov avion srušio blizu Slunja Jure Francetić
46%
1915 Ulaskom Italije u rat, počinju Bitke na Soči gdje i ovaj feldmaršal rodom iz Umetića predvodi austrougarske snage Svetozar Boroević
46%
1909 U Hrvatskom braniku objavljena jedna od najpoznatijih budnica u verziji koja se i danas pjeva Ustani bane
46%
1974 Jugoslavija odlučila da joj je potreban novi... Ustav
46%
1952 Jugoslavija u ovom europskom gradu dolazi do srebrne medalje u nogometu na OI, usput pobjedivši SSSR u tzv. 'Tito - Staljin' derbiju Helsinki
38%
1962 Niz razornih potresa pogađa ovaj grad i njegovu okolicu u priobalju Dalmacije Makarska
38%
1922 U Zagrebu osnovano dioničko društvo za proizvodnju farmaceutskih preparata. Kasnije seli u Jukićevu 12 gdje je danas istoimeni alternativni centar/klub. Medika
38%
1963 Ovaj pjevač predstavlja Jugoslaviju na Eurosongu sa pjesmom Brodovi Vice Vukov
38%
1996 Ovaj pjesnik postaje vođa HSLS-a i njihov kandidat za predsjedničke izbore sljedeće godine Vlado Gotovac
38%
1958 Završena izgradnja najstarijeg nebodera u Zagrebu, zove se po arhitektu koji ga je dao izgraditi - Drago... Ibler (Iblerov neboder)
31%
1948 Međunarodna komunistička asocijacija donosi rezoluciju kojom se osuđuje Jugoslavija Informbiro
31%
1937 U šumi kod Samobora osnovana ova politička stranka KPH
31%
1946 Pejačevićev trg u Zagrebu dobiva ime koje nosi i danas Britanski trg
23%
1912 Prvi hrvatski pilot pobjeđuje na aeromitingu u Grazu Dragutin Novak
23%
1953 Josip Broz Tito dolazi na položaj predsjednika Jugoslavije, nasljedivši ovog političara Ivan Ribar
23%
1914 Atentiran Franjo Ferdinand, zastupnik ove ideje koja je zagovarala stvaranje hrvatskog kraljevstva u sklopu AU, jednakog Austriji i Mađarskoj trijalizam
23%
1927 Kipar Antun Augustinčić izrađuje Kupačicu, kip žene koja je danas smještena u ovom hrvatskom gradu Daruvar
15%
1951 Počinje s djelovanjem ova umjetnička skupina, neki od članova su bili Vjenceslav Richter, Ivan Picelj, Aleksandar Srnec EXAT 51
8%
1938 Koalicija gospodina iz gornjeg pitanja doživljava veliki poraz na posljednjim parlamentarnim izborima održanima u K. Jugoslaviji. Kako se ona zvala? Udružena opozicija
0%
No matching quizzes found
Score Distribution
Percent of People with Each Score
Percentile by Number Answered
Your Score History
You have not taken this quiz